La criminalidad comparada / (Record no. 166040)

MARC details
000 -LEADER
campo de control de longitud fija 00964nam a22002415i 4500
001 - NÚMERO DE CONTROL
campo de control 166040
003 - IDENTIFICADOR DE NÚMERO DE CONTROL
campo de control ES-MaACL
005 - FECHA Y HORA DE LA ÚLTIMA TRANSACCIÓN
campo de control 20250914145940.0
008 - DATOS DE LONGITUD FIJA--INFORMACIÓN GENERAL
campo de control de longitud fija 980928s1893 sp |||| | spa d
040 ## - FUENTE DE CATALOGACIÓN
Centro catalogador/agencia de origen AS
Lengua de catalogación spa
Centro/agencia transcriptor AS
100 1# - ENTRADA PRINCIPAL--NOMBRE DE PERSONA
Nombre de persona Tarde, Gabriel de,
Fechas asociadas al nombre 1843-1904
9 (RLIN) 133127
245 13 - MENCIÓN DEL TÍTULO
Título La criminalidad comparada /
Mención de responsabilidad, etc. por Gabriel Tarde ; prólogo y notas de A. Posada ; con una carta del autor escrita para la primera edición española.
250 ## - MENCION DE EDICION
Mención de edición 2ª ed.
260 ## - PUBLICACIÓN, DISTRIBUCIÓN, ETC.
Lugar de publicación, distribución, etc. Madrid :
Nombre del editor, distribuidor, etc. La España Moderna,
Fecha de publicación, distribución, etc. [s.a.] (
Fabricante Imp. de Gabriel L. Horno)
300 ## - DESCRIPCIÓN FÍSICA
Extensión 275 p. ;
Dimensiones 22 cm.
490 1# - MENCIÓN DE SERIE
Mención de serie Biblioteca de jurisprudencia, filosofía e historia
596 ## - NOTA AL PIE DE IMPRENTA
NOTA AL PIE DE IMPRENTA Palau, T. XXII, p. 442, 327618 lo fecha en 1893.
650 07 - PUNTO DE ACCESO ADICIONAL DE MATERIA--TÉRMINO DE MATERIA
Término de materia o nombre geográfico como elemento de entrada Derecho penal
Fuente del encabezamiento o término embne
9 (RLIN) 11749
700 1# - ENTRADA AGREGADA--NOMBRE PERSONAL
Nombre de persona Posada, Adolfo,
Fechas asociadas al nombre 1860-1944
9 (RLIN) 93316
830 00 - PUNTO DE ACCESO ADICIONAL DE SERIE-TÍTULO UNIFORME
Título uniforme Biblioteca de jurisprudencia, filosofía e historia
9 (RLIN) 180691
852 ## - LOCALIZACIÓN
Ubicación ES-MaACL
Número de control de estantería F-14958
Nota libre - Enc. hol.
Holdings
Estatus retirado Estado de pérdida Estado de daño No para préstamo Biblioteca de origen Biblioteca actual Ubicación en estantería Fecha de adquisición Fuente de adquisición Total de préstamos Signatura topográfica completa Código de barras Visto por última vez Precio de reemplazo Tipo de ítem Koha
        Biblioteca del Ateneo de Madrid Biblioteca del Ateneo de Madrid Sala Pecera Planta 2 17/01/2008     F-14958 1174132 23/02/2023 23/02/2023 Libro impreso